000 01131cab a2200205 4500
001 ##L133695
008 060602n2006 000 0 eng u
035 _a(Sirsi) u133695
041 0 _aeng
100 1 _aAndrew, Anthony
245 0 0 _aProperty depreciation in government
260 _c2006
490 0 _aJournal of Property Investment and Finance
_v24(3) 2006, 259-263(5)
520 _aExamines the way the UK government accounting and capital charging system allows for depreciation. Aimed at asset managers, public sector finance managers and researchers who deal with long-term investment in non-specialised public sector property portfolios. Finds that the utility of the measures of depreciation for asset managers is limited. Asserts that better measures could be designed to provide broad indicators of the deterioration of large public sector portfolios of assets such as offices or housing. [Taken from journal abstract].
590 _aIKA060606
651 4 _aUnited Kingdom
_y
690 _aPROPERTY-PROPERTY FINANCE AND INVESTMENT-PROPERTY INVESTMENT MANAGEMENT
700 1 _aPitt, Michael
_cSir
942 _n0
999 _c77160
_d77160